000 00584nam a2200205 a 4500
005 20240910064052.0
008 991125s1995 mx 000 0 spa u
020 _a9684612184
035 _aUPN01000001447
049 _aCG
050 4 _aHV5135
_bN628
100 1 _aNorth, Robert
245 1 3 _aEl alcoholismo en la juventud /
_cRobert North, Richard Orange ; tr. Haroldo Dies.
260 _aMéxico :
_bArbol,
_c1995.
300 _a143 p.
650 4 _aALCOHOL -
_xEFECTOS FISIOLOGICOS
_92109
650 4 _aAlcoholismo
_92121
700 1 _aOrange, Richard,
_ecoaut.
905 _aLibro
999 _c1447
_d1447